000 00838nam a22002537a 4500
005 20250505151021.0
008 250505b |||||||| |||| 00| 0 eng d
020 _a978-81-7702-507-1 (hbk)
037 _cTB
040 _aCRL
_cCRL
041 _2eng
_aeng
084 _aND4471,8(Q23:45) R3
_qCRL
100 _aSubuddhi, Umakanta
_9587866
245 _aIconography of Arddhanarisvara from Odishan temples:
_b6th to 13th century
260 _aDelhi, India:
_bPratibha Prakashan,
_c2023.
300 _avi, 126p.
365 _b2195.00
_cINR
650 _aArts
650 _aScupture
_9754358
650 _aTemple
650 _aShiva
_9754359
942 _2CC
_cTB
_hND4471,8(Q23:45) R3
_n0
999 _c1311782
_d1311782